000 01010nam a2200277Ia 4500
001 10553
003 GE_BSU
008 181216s||||||||xx |||||||||||||| ||und||
020 _a9789941423116
040 _cGE_BSU
080 _a616-053.2
100 _aმანჯავიძე,ნინო;მეგრელიშვილი,გიული
245 _aპედიატრია.ტ.1
245 _bსახ–ლო უმაღლ.სამედიც.სასწ.სტუდენტებისათვის
245 _cშემდგ.ქეთევან გოგბერაშვილი
250 _a1-ლი გამოც.
260 _aთბილისი
260 _b[შპს თობალისი]
260 _c2010
300 _a528გვ .ცხრ.ილ.23სმ.
300 _cდანართი გვ.475-527
300 _eბიბლიოგრ. გვ.473
541 _h53ლ.
653 _aპედიატრია
942 _cBK
999 _c43808
_d43808